| 000 | 00574nam a2200217 4500 | ||
|---|---|---|---|
| 005 | 20251003100714.0 | ||
| 020 |
_a8180381285 _cTZS.25,000/= |
||
| 040 |
_aMCCL _beng. _eAACR 2nd rev.ed. |
||
| 082 | _a342.0662 SAT | ||
| 100 | _aSathe, S. P. | ||
| 245 |
_a Right to information _c/ S. P. Sathe |
||
| 260 |
_aNew Delhi : _bButterrworths.; _cc 2006. |
||
| 300 |
_axiii, 303 p. : _c22 cm. |
||
| 504 | _aIncludes index | ||
| 546 | _aeng. | ||
| 650 | _aRight to know | ||
| 650 | _aConstitutional right | ||
| 650 | _aLegislation | ||
| 700 | _aSathe, S. P. | ||
| 942 | _cBK | ||
| 999 |
_c11690 _d11690 |
||